NFL Top 10 Yards from Scrimmage 2010s - Statistics

General Stats
  • This quiz has been taken 67 times
  • The average score is 82 of 100
Answer Stats
Year Team Player % Correct
2019: 1 Panthers Christian McCaffrey
100%
2018: 3 Panthers Christian McCaffrey
100%
2019: 4 Titans Derrick Henry
100%
2019: 2 Cowboys Ezekiel Elliott
100%
2018: 2 Cowboys Ezekiel Elliott
100%
2016: 2 Cowboys Ezekiel Elliott
100%
2019: 3 Browns Nick Chubb
100%
2015: 3 Vikings Adrian Peterson
98%
2012: 1 Vikings Adrian Peterson
98%
2010: 8 Vikings Adrian Peterson
98%
2019: 8 Packers Aaron Jones
96%
2018: 7 Saints Alvin Kamara
96%
2017: 6 Saints Alvin Kamara
96%
2018: 6 Chiefs Tyreek Hill
96%
2012: 10 Texans Andre Johnson
94%
2013: 10 Lions Calvin Johnson
94%
2012: 2 Lions Calvin Johnson
94%
2011: 4 Lions Calvin Johnson
94%
2016: 1 Cardinals David Johnson
94%
2018: 5 Falcons Julio Jones
94%
2017: 9 Falcons Julio Jones
94%
2015: 1 Falcons Julio Jones
94%
2014: 7 Falcons Julio Jones
94%
2017: 2 Steelers Le'Veon Bell
94%
2016: 3 Steelers Le'Veon Bell
94%
2014: 2 Steelers Le'Veon Bell
94%
2014: 5 Seahawks Marshawn Lynch
94%
2013: 6 Seahawks Marshawn Lynch
94%
2012: 4 Seahawks Marshawn Lynch
94%
2018: 4 Rams Todd Gurley
94%
2017: 1 Rams Todd Gurley
94%
2017: 8 Steelers Antonio Brown
93%
2015: 2 Steelers Antonio Brown
93%
2014: 4 Steelers Antonio Brown
93%
2013: 9 Steelers Antonio Brown
93%
2017: 4 Bills LeSean McCoy
93%
2016: 5 Bills LeSean McCoy
93%
2013: 1 Eagles LeSean McCoy
93%
2011: 5 Eagles LeSean McCoy
93%
2010: 4 Eagles LeSean McCoy
93%
2018: 1 Giants Saquon Barkley
93%
2014: 6 Broncos Demaryius Thomas
91%
2019: 5 Saints Michael Thomas
91%
2013: 2 Chiefs Jamaal Charles
89%
2012: 5 Chiefs Jamaal Charles
89%
2010: 2 Chiefs Jamaal Charles
89%
2018: 9 Buccaneers Mike Evans
89%
2019: 9 Chargers Austin Ekeler
87%
2019: 7 Vikings Dalvin Cook
87%
2018: 8 Texans DeAndre Hopkins
87%
2015: 6 Texans DeAndre Hopkins
87%
2013: 4 Browns Josh Gordon
85%
2017: 5 Chargers Melvin Gordon
85%
2016: 10 Chargers Melvin Gordon
85%
2014: 8 Texans Arian Foster
81%
2012: 8 Texans Arian Foster
81%
2011: 3 Texans Arian Foster
81%
2010: 1 Texans Arian Foster
81%
2019: 10 Seahawks Chris Carson
81%
2016: 4 Titans DeMarco Murray
81%
2014: 1 Cowboys DeMarco Murray
81%
2019: 6 Jaguars Leonard Fournette
81%
2014: 3 Bears Matt Forte
81%
2013: 3 Bears Matt Forte
81%
2011: 10 Bears Matt Forte
81%
2010: 10 Bears Matt Forte
81%
2017: 3 Chiefs Kareem Hunt
80%
2017: 10 Chargers Keenan Allen
80%
2011: 2 Jaguars Maurice Jones-Drew
80%
2010: 7 Jaguars Maurice Jones-Drew
80%
2015: 8 Giants Odell Beckham Jr.
80%
2012: 9 Ravens Ray Rice
80%
2011: 1 Ravens Ray Rice
80%
2010: 3 Ravens Ray Rice
80%
2015: 7 Jets Brandon Marshall
78%
2016: 8 Colts T.Y. Hilton
78%
2017: 7 Saints Mark Ingram
76%
2010: 9 Rams Steven Jackson
76%
2015: 10 Jaguars Allen Robinson
74%
2011: 8 Giants Victor Cruz
74%
2011: 6 Patriots Wes Welker
74%
2016: 7 Falcons Devonta Freeman
69%
2015: 5 Falcons Devonta Freeman
69%
2015: 4 Buccaneers Doug Martin
69%
2012: 3 Buccaneers Doug Martin
69%
2016: 9 Dolphins Jay Ajayi
65%
2014: 9 Packers Eddie Lacy
63%
2012: 7 Redskins Alfred Morris
59%
2016: 6 Bears Jordan Howard
56%
2011: 9 Falcons Michael Turner
54%
2018: 10 Steelers James Conner
52%
2015: 9 Cowboys Darren McFadden
50%
2010: 5 Raiders Darren McFadden
50%
2010: 6 Browns Peyton Hillis
48%
2013: 7 Bears Alshon Jeffery
43%
2012: 6 Bills C.J. Spiller
41%
2011: 7 Chargers Ryan Mathews
41%
2014: 10 Ravens Justin Forsett
39%
2013: 8 Lions Reggie Bush
37%
2013: 5 Broncos Knowshon Moreno
35%
No matching quizzes found
Score Distribution
Percent of People with Each Score
Percentile by Number Answered
Your Score History
You have not taken this quiz